[Event "19. Wch 2009 Veteranos"]
[Site "Condino ITA"]
[Date "2009.11.04"]
[Round "8.63"]
[White "Nielsen, Kai Sten"]
[Black "Nielsen, Peter"]
[Result "1/2-1/2"]
[WhiteElo "2160"]
[BlackElo "1890"]
[PlyCount "59"]
[EventDate "2009.10.27"]
[EventType "swiss"]
[EventRounds "11"]
[EventCountry "ITA"]
[Source "lmi"]
[SourceDate "2009.10.27"]

1. d4 Nf6 2. Nf3 e6 3. Bg5 h6 4. Bh4 c5 5. e3 cxd4 6. exd4 Be7 7. Bd3 b6 8. O-O
Bb7 9. Nbd2 O-O 10. Re1 d6 11. Qe2 Nbd7 12. Rad1 Nd5 13. Qe4 g6 14. Bxe7 Qxe7
15. Nf1 Rab8 16. Qg4 Qf6 17. c4 Nb4 18. Bb1 Bxf3 19. gxf3 h5 20. Qe4 d5 21.
cxd5 Nxd5 22. Ne3 Nf4 23. Ng2 Nh3+ 24. Kf1 Ng5 25. Qc6 Nxf3 26. Qxd7 Nxh2+ 27.
Kg1 Nf3+ 28. Kf1 Nh2+ 29. Kg1 Nf3+ 30. Kf1 1/2-1/2

[Event "19. Wch 2009 Veteranos"]
[Site "Condino ITA"]
[Date "2009.11.04"]
[Round "8.64"]
[White "Laco, Giuseppe"]
[Black "Papa, Angelo"]
[Result "1-0"]
[WhiteElo "2125"]
[BlackElo "1890"]
[PlyCount "61"]
[EventDate "2009.10.27"]
[EventType "swiss"]
[EventRounds "11"]
[EventCountry "ITA"]
[Source "lmi"]
[SourceDate "2009.10.27"]

1. c4 g6 2. d4 Bg7 3. e4 d6 4. Nc3 Nf6 5. f3 O-O 6. Be3 Nc6 7. Qd2 a6 8. g4 Rb8
9. h4 e5 10. d5 Nd4 11. h5 Bxg4 12. fxg4 Nxg4 13. Bd3 Qf6 14. O-O-O Nxe3 15.
Qxe3 gxh5 16. Rxh5 Qf4 17. Qxf4 exf4 18. Rf1 Be5 19. Nge2 b5 20. Rg1+ Kh8 21.
Rgh1 Nxe2+ 22. Bxe2 bxc4 23. Rxh7+ Kg8 24. R7h3 Rfe8 25. Bxc4 Rb4 26. b3 a5 27.
Nb5 Rb8 28. a4 Re8 29. Kc2 Kf8 30. Nxc7 Rc8 31. Rh8+ 1-0

[Event "19. Wch 2009 Veteranos"]
[Site "Condino ITA"]
[Date "2009.11.04"]
[Round "8.65"]
[White "De Nisi, Giuseppe"]
[Black "Gardi, Giuseppe"]
[Result "0-1"]
[WhiteElo "1840"]
[BlackElo "2020"]
[PlyCount "88"]
[EventDate "2009.10.27"]
[EventType "swiss"]
[EventRounds "11"]
[EventCountry "ITA"]
[Source "lmi"]
[SourceDate "2009.10.27"]

1. d4 d6 2. Nf3 g6 3. c4 Bg7 4. Nc3 Nf6 5. e4 O-O 6. Be2 e5 7. dxe5 dxe5 8.
Qxd8 Rxd8 9. Bg5 Re8 10. O-O-O c6 11. Rd6 Be6 12. Rhd1 Na6 13. Nd2 h6 14. Bh4
Nc5 15. Bg3 Nh7 16. h4 a5 17. Nf3 f6 18. Nh2 h5 19. f4 Bf8 20. R6d2 Bh6 21. Rf1
Rad8 22. Rxd8 Rxd8 23. Kc2 f5 24. Nf3 exf4 25. Bf2 Nxe4 26. Bb6 Ra8 27. Ne5 Nf8
28. Na4 Bg7 29. Nd3 Ng3 30. Re1 Nxe2 31. Rxe2 Bxc4 32. Re7 Bf6 33. Rxb7 Ne6 34.
Bf2 Re8 35. Nc3 Rd8 36. Ne1 Nd4+ 37. Kc1 Re8 38. Nf3 Ne2+ 39. Nxe2 Rxe2 40. Bc5
Rxg2 41. b3 Bb2+ 42. Kd1 Be2+ 43. Kd2 Bxf3+ 44. Kd3 Be4+ 0-1

[Event "19. Wch 2009 Veteranos"]
[Site "Condino ITA"]
[Date "2009.11.04"]
[Round "8.67"]
[White "Salvo, Guglielmo"]
[Black "Weinberg, Emanuele"]
[Result "1-0"]
[WhiteElo "1975"]
[BlackElo "1870"]
[PlyCount "52"]
[EventDate "2009.10.27"]
[EventType "swiss"]
[EventRounds "11"]
[EventCountry "ITA"]
[Source "lmi"]
[SourceDate "2009.10.27"]

1. e4 Nf6 2. e5 Nd5 3. Bc4 e6 4. Bxd5 exd5 5. d4 d6 6. Bf4 dxe5 7. dxe5 c6 8.
h3 Bc5 9. Nf3 Qb6 10. O-O Qxb2 11. Nbd2 Bf5 12. e6 O-O 13. Be5 Qxc2 14. Qxc2
Bxc2 15. Rfc1 fxe6 16. Rxc2 Nd7 17. Rxc5 Nxc5 18. Bd6 Nd7 19. Bxf8 Rxf8 20. Re1
Rf6 21. Nb3 h6 22. Na5 Nc5 23. Rb1 Rf7 24. Ne5 Rf5 25. Ng4 Rf7 26. f3 g5 1-0

[Event "19. Wch 2009 Veteranos"]
[Site "Condino ITA"]
[Date "2009.11.04"]
[Round "8.68"]
[White "Van Haaften, Adriaan"]
[Black "Schwertel, Johann"]
[Result "1/2-1/2"]
[WhiteElo "1875"]
[BlackElo "1975"]
[PlyCount "52"]
[EventDate "2009.10.27"]
[EventType "swiss"]
[EventRounds "11"]
[EventCountry "ITA"]
[Source "lmi"]
[SourceDate "2009.10.27"]

1. e4 d5 2. exd5 Qxd5 3. Nc3 Qa5 4. Bc4 c6 5. d3 Nf6 6. h3 Bf5 7. Nf3 e6 8. O-O
Be7 9. Re1 O-O 10. Bd2 Qd8 11. Nh4 Bg6 12. Nxg6 hxg6 13. Qf3 Nbd7 14. a4 Nb6
15. Bb3 Nbd5 16. Rad1 a5 17. Ne4 Qc7 18. c4 Nb4 19. d4 Nxe4 20. Rxe4 Rad8 21.
Bf4 Bd6 22. Qg3 Bxf4 23. Qxf4 Qxf4 24. Rxf4 Rd7 25. Kf1 Rfd8 26. Ke2 e5 1/2-1/2

[Event "19. Wch 2009 Veteranos"]
[Site "Condino ITA"]
[Date "2009.11.04"]
[Round "8.69"]
[White "Haug, Kjell"]
[Black "Haupt, Joachim"]
[Result "1/2-1/2"]
[WhiteElo "1970"]
[BlackElo "1870"]
[PlyCount "38"]
[EventDate "2009.10.27"]
[EventType "swiss"]
[EventRounds "11"]
[EventCountry "ITA"]
[Source "lmi"]
[SourceDate "2009.10.27"]

1. d4 Nf6 2. c4 e6 3. Nc3 c5 4. e3 a6 5. Nf3 d5 6. cxd5 Nxd5 7. Bd2 Nc6 8. dxc5
Bxc5 9. a3 Be7 10. Be2 O-O 11. O-O Nxc3 12. Bxc3 b5 13. Qb3 Bf6 14. Rad1 Qe7
15. Nd4 Bb7 16. f3 Rfd8 17. Nxc6 Bxc6 18. Ba5 Bd5 19. Qc2 Rdc8 1/2-1/2

[Event "19. Wch 2009 Veteranos"]
[Site "Condino ITA"]
[Date "2009.11.04"]
[Round "8.71"]
[White "Fritsch, Juergen Dr"]
[Black "Strohbusch, Frank"]
[Result "0-1"]
[WhiteElo "1955"]
[BlackElo "1775"]
[PlyCount "86"]
[EventDate "2009.10.27"]
[EventType "swiss"]
[EventRounds "11"]
[EventCountry "ITA"]
[Source "lmi"]
[SourceDate "2009.10.27"]

1. e4 e6 2. d4 d5 3. exd5 exd5 4. Bf4 Nf6 5. Bd3 c5 6. c3 Nc6 7. Ne2 Bd6 8.
Bxd6 Qxd6 9. dxc5 Qxc5 10. Nd2 O-O 11. Nb3 Qb6 12. O-O Bg4 13. h3 Bh5 14. Qd2
Ne4 15. Qf4 Bg6 16. Bxe4 dxe4 17. Rfd1 Rad8 18. Qg5 h6 19. Qc5 Qc7 20. Ned4 Qe5
21. Nxc6 Qxc5 22. Nxc5 bxc6 23. Kf1 Rd5 24. Rxd5 cxd5 25. Ke2 f5 26. g3 Kf7 27.
Ke3 Ke7 28. Rd1 Kd6 29. Nb3 Ke5 30. Nd4 Be8 31. f4+ Kf6 32. g4 fxg4 33. hxg4 g5
34. fxg5+ hxg5 35. Rf1+ Ke7 36. Rxf8 Kxf8 37. Ne6+ Ke7 38. Nxg5 Kf6 39. Kf4 e3
40. Nf3 e2 41. Ke3 Bb5 42. Kd4 Ba6 43. Kxd5 Bb7+ 0-1

[Event "19. Wch 2009 Veteranos"]
[Site "Condino ITA"]
[Date "2009.11.04"]
[Round "8.79"]
[White "Zanin, Umberto"]
[Black "Keze, Arnis"]
[Result "0-1"]
[WhiteElo "1700"]
[BlackElo "1830"]
[PlyCount "64"]
[EventDate "2009.10.27"]
[EventType "swiss"]
[EventRounds "11"]
[EventCountry "ITA"]
[Source "lmi"]
[SourceDate "2009.10.27"]

1. c4 c5 2. Nc3 e6 3. Nf3 Nf6 4. g3 d5 5. cxd5 exd5 6. Bg2 Nc6 7. a3 g6 8. O-O
d4 9. Na2 Bg7 10. d3 O-O 11. Nd2 Re8 12. Re1 Nd5 13. Rb1 a5 14. Nf1 Be6 15. Ra1
Qd7 16. Bd2 b5 17. Nc1 a4 18. Qc2 Qd6 19. e4 dxe3 20. Bxe3 Nd4 21. Qd2 Rad8 22.
Rb1 Bg4 23. f4 Nxe3 24. Nxe3 Nf3+ 25. Bxf3 Bxf3 26. Qf2 Bc6 27. Ne2 Qxd3 28.
Nc3 Bxc3 29. bxc3 Qxc3 30. Rbc1 Qxa3 31. Nc2 Rxe1+ 32. Rxe1 Qf3 0-1

[Event "19. Wch 2009 Veteranos"]
[Site "Condino ITA"]
[Date "2009.11.04"]
[Round "8.80"]
[White "Flotten, Erling"]
[Black "Thonig, Manfred"]
[Result "1-0"]
[WhiteElo "1840"]
[BlackElo "1705"]
[PlyCount "53"]
[EventDate "2009.10.27"]
[EventType "swiss"]
[EventRounds "11"]
[EventCountry "ITA"]
[Source "lmi"]
[SourceDate "2009.10.27"]

1. e4 e5 2. Nc3 Nf6 3. f4 exf4 4. Nf3 Bb4 5. d3 Nh5 6. Be2 g5 7. O-O Bxc3 8.
bxc3 g4 9. Nd4 f3 10. gxf3 gxf3 11. Bxf3 Rg8+ 12. Bg2 Qh4 13. Qf3 f6 14. Nf5
Qg4 15. Qf2 Rg6 16. Ne3 Qh3 17. Nd5 d6 18. Nxc7+ Kd8 19. Nxa8 Nd7 20. Rb1 Ne5
21. Rb5 Nxd3 22. cxd3 Qxd3 23. Rxh5 Qxe4 24. Kh1 Qe7 25. Qe3 Qg7 26. Re1 Bd7
27. Bxb7 1-0

[Event "19. Wch 2009 Veteranos"]
[Site "Condino ITA"]
[Date "2009.11.05"]
[Round "9.1"]
[White "Gutman, Lev"]
[Black "Tseshkovsky, Vitaly"]
[Result "0-1"]
[WhiteElo "2457"]
[BlackElo "2549"]
[PlyCount "112"]
[EventDate "2009.10.27"]
[EventType "swiss"]
[EventRounds "11"]
[EventCountry "ITA"]
[Source "lmi"]
[SourceDate "2009.10.27"]

1. Nf3 c5 2. g3 g6 3. Bg2 Bg7 4. d4 cxd4 5. Nxd4 Nc6 6. Nxc6 bxc6 7. O-O Nf6 8.
Nd2 O-O 9. Nb3 d5 10. c4 a5 11. Bf4 Ba6 12. Nd4 Qb6 13. c5 Qb7 14. Be5 Nd7 15.
Bxg7 Kxg7 16. Qd2 e5 17. Nxc6 Qxc6 18. Bxd5 Qc7 19. Bxa8 Rxa8 20. Rac1 Nf6 21.
Rfd1 Qc8 22. f3 h5 23. Qe3 e4 24. Rd6 Ne8 25. Rb6 exf3 26. exf3 Kg8 27. Qe7 Ng7
28. Rf6 Qf8 29. Qxf8+ Kxf8 30. Rb6 Ke7 31. Rc3 Ne6 32. Ra3 Bc4 33. b3 Bd5 34.
Kf2 g5 35. Rb5 g4 36. f4 h4 37. Raxa5 hxg3+ 38. hxg3 Rh8 39. f5 Nd4 40. Rb6
Rh2+ 41. Ke3 Nxf5+ 42. Kf4 Be6 43. c6 Rf2+ 44. Ke5 Re2+ 45. Kf4 Nd6 46. Re5
Rxa2 47. Ke3 Kd8 48. Rc5 Kc7 49. Rb4 Rg2 50. Kf4 f6 51. Rc3 Re2 52. Ra4 Bf5 53.
Ra7+ Kb6 54. Rb7+ Ka6 55. Rb4 Rf2+ 56. Ke3 Rf3+ 0-1

[Event "19. Wch 2009 Veteranos"]
[Site "Condino ITA"]
[Date "2009.11.05"]
[Round "9.2"]
[White "Cebalo, Miso"]
[Black "Vasiukov, Evgeni"]
[Result "1-0"]
[WhiteElo "2500"]
[BlackElo "2485"]
[PlyCount "55"]
[EventDate "2009.10.27"]
[EventType "swiss"]
[EventRounds "11"]
[EventCountry "ITA"]
[Source "lmi"]
[SourceDate "2009.10.27"]

1. d4 b5 2. Bf4 Bb7 3. e3 Nf6 4. h3 e6 5. Nf3 a6 6. Bd3 Nc6 7. c3 Ne7 8. Nbd2
Ng6 9. Bh2 c5 10. O-O Be7 11. dxc5 Bxc5 12. a4 b4 13. Nb3 Be7 14. c4 O-O 15.
Qe2 Ne4 16. Rad1 f5 17. Bxe4 fxe4 18. Ne5 Nxe5 19. Bxe5 Rf5 20. Bg3 e5 21. c5
Kh8 22. Qc4 Bh4 23. Qxb4 Bc6 24. Na5 Bxg3 25. fxg3 Qg5 26. Nxc6 Qxe3+ 27. Kh2
Rf2 28. Nxe5 1-0

[Event "19. Wch 2009 Veteranos"]
[Site "Condino ITA"]
[Date "2009.11.05"]
[Round "9.3"]
[White "Suba, Mihai"]
[Black "Mishuchkov, Nikolai M"]
[Result "0-1"]
[WhiteElo "2500"]
[BlackElo "2375"]
[PlyCount "75"]
[EventDate "2009.10.27"]
[EventType "swiss"]
[EventRounds "11"]
[EventCountry "ITA"]
[Source "lmi"]
[SourceDate "2009.10.27"]

1. c4 Nf6 2. Nc3 e5 3. Nf3 Nc6 4. e3 Bb4 5. Qc2 Bxc3 6. bxc3 e4 7. Ng5 Qe7 8.
f3 exf3 9. Nxf3 O-O 10. Be2 d6 11. O-O Bg4 12. Rb1 b6 13. d3 Nd7 14. h3 Bh5 15.
Nd4 Nxd4 16. cxd4 Bxe2 17. Qxe2 c6 18. Qf3 Rac8 19. e4 c5 20. Bb2 Qe6 21. a4
cxd4 22. Bxd4 Ne5 23. Qg3 f5 24. exf5 Rxf5 25. Rxf5 Qxf5 26. Rf1 Qh5 27. a5 Rf8
28. Re1 Rf5 29. axb6 axb6 30. Ra1 h6 31. Qe3 Qg6 32. Bxe5 Rxe5 33. Qf3 Qe6 34.
d4 Re3 35. Qf2 Qe4 36. Ra7 Kh7 37. Qf7 Rg3 38. Qg8+ 0-1

[Event "19. Wch 2009 Veteranos"]
[Site "Condino ITA"]
[Date "2009.11.05"]
[Round "9.5"]
[White "Klovans, Janis"]
[Black "Tseitlin, Mark D"]
[Result "1-0"]
[WhiteElo "2405"]
[BlackElo "2390"]
[PlyCount "83"]
[EventDate "2009.10.27"]
[EventType "swiss"]
[EventRounds "11"]
[EventCountry "ITA"]
[Source "lmi"]
[SourceDate "2009.10.27"]

1. e4 c5 2. Nf3 d6 3. d4 cxd4 4. Nxd4 Nf6 5. Nc3 a6 6. Be2 g6 7. f4 Bg7 8. O-O
O-O 9. Kh1 Nc6 10. Be3 Bd7 11. Nb3 Rc8 12. Bf3 b5 13. a3 Be8 14. Nd5 Nd7 15. c3
a5 16. Bf2 e6 17. Ne3 Nb6 18. Be2 a4 19. Nc1 Na5 20. Nd3 Bc6 21. Bf3 Nb3 22.
Rb1 Bb7 23. Qe2 Qc7 24. Rbd1 Nc4 25. Nxc4 bxc4 26. Nb4 Bh6 27. Be3 Rfe8 28.
Rfe1 Qb8 29. Qf2 Qa8 30. Rxd6 Bf8 31. Rd7 Rcd8 32. Red1 Rxd7 33. Rxd7 Bxb4 34.
axb4 Bxe4 35. Bxe4 Qxe4 36. h3 Qc6 37. Rd1 a3 38. bxa3 Qa4 39. Qh4 Qxa3 40. Rd8
Qa4 41. f5 exf5 42. Bh6 1-0

[Event "19. Wch 2009 Veteranos"]
[Site "Condino ITA"]
[Date "2009.11.05"]
[Round "9.6"]
[White "Kaufman, Larry C"]
[Black "Jacobsen, Bo"]
[Result "1/2-1/2"]
[WhiteElo "2400"]
[BlackElo "2320"]
[PlyCount "46"]
[EventDate "2009.10.27"]
[EventType "swiss"]
[EventRounds "11"]
[EventCountry "ITA"]
[Source "lmi"]
[SourceDate "2009.10.27"]

1. d4 Nf6 2. c4 c5 3. d5 e5 4. Nc3 d6 5. e4 Nbd7 6. g3 Be7 7. Bg2 h5 8. h4 Nf8
9. Nge2 Ng6 10. Bd2 a6 11. a4 b6 12. Nc1 Bd7 13. Nd3 Qc7 14. Qe2 O-O 15. O-O
Rfc8 16. Bg5 Bg4 17. f3 Bd7 18. f4 Bg4 19. Qf2 Qd7 20. Qd2 exf4 21. gxf4 Nh7
22. f5 Nxh4 23. f6 Nxg2 1/2-1/2

[Event "19. Wch 2009 Veteranos"]
[Site "Condino ITA"]
[Date "2009.11.05"]
[Round "9.8"]
[White "Gutkin, Boris"]
[Black "Pushkov, Nikolai"]
[Result "1/2-1/2"]
[WhiteElo "2255"]
[BlackElo "2495"]
[PlyCount "76"]
[EventDate "2009.10.27"]
[EventType "swiss"]
[EventRounds "11"]
[EventCountry "ITA"]
[Source "lmi"]
[SourceDate "2009.10.27"]

1. d4 Nf6 2. Nf3 e6 3. c4 d5 4. Nc3 Nbd7 5. cxd5 exd5 6. Bf4 Bb4 7. e3 c5 8.
dxc5 Qa5 9. Rc1 O-O 10. Bd3 Ne4 11. O-O Bxc3 12. bxc3 Ndxc5 13. Bb1 Be6 14. Ng5
Nxg5 15. Bxg5 Ne4 16. Bf4 b5 17. Be5 f6 18. Bd4 Rac8 19. Qh5 f5 20. Qh4 Rf7 21.
Bxe4 dxe4 22. f3 exf3 23. Rxf3 b4 24. Rg3 Qd5 25. Qh6 Rcc7 26. c4 Qe4 27. Qg5
h6 28. Qxh6 f4 29. Qh4 Rfd7 30. Ba1 Rd2 31. h3 Rcd7 32. exf4 Rxg2+ 33. Rxg2
Qe3+ 34. Kh2 Qxc1 35. Bxg7 Rxg7 36. Qd8+ Kh7 37. Qh4+ Kg8 38. Qd8+ Kh7 1/2-1/2

[Event "19. Wch 2009 Veteranos"]
[Site "Condino ITA"]
[Date "2009.11.05"]
[Round "9.9"]
[White "Van Riemsdijk, Herman C"]
[Black "Rooze, Jan"]
[Result "1-0"]
[WhiteElo "2385"]
[BlackElo "2250"]
[PlyCount "79"]
[EventDate "2009.10.27"]
[EventType "swiss"]
[EventRounds "11"]
[EventCountry "ITA"]
[Source "lmi"]
[SourceDate "2009.10.27"]

1. e4 c5 2. Nf3 e6 3. Nc3 Nc6 4. g3 a6 5. Bg2 d6 6. O-O Be7 7. d4 cxd4 8. Nxd4
Bd7 9. Nce2 Nf6 10. c4 O-O 11. a4 Qc7 12. b3 Rad8 13. h3 d5 14. cxd5 exd5 15.
exd5 Nxd5 16. Bxd5 Bxh3 17. Bf4 Qc8 18. Bg2 Bxg2 19. Kxg2 Bf6 20. Be3 Rd6 21.
Rc1 Qd7 22. Nxc6 Rxd1 23. Rfxd1 Qf5 24. Ncd4 Qe4+ 25. Kg1 h5 26. Nc3 Qg6 27.
Nd5 h4 28. Nxf6+ Qxf6 29. gxh4 Qxh4 30. Ne2 Qg4+ 31. Kf1 Re8 32. Rd4 Qf3 33.
Ke1 Re4 34. Rd7 Re6 35. Rcc7 Qh1+ 36. Kd2 Qb1 37. Rxf7 Qb2+ 38. Ke1 Rg6 39.
Rxb7 Qb1+ 40. Bc1 1-0

[Event "19. Wch 2009 Veteranos"]
[Site "Condino ITA"]
[Date "2009.11.05"]
[Round "9.10"]
[White "Plachetka, Jan"]
[Black "Jorgensen, Jorgen"]
[Result "0-1"]
[WhiteElo "2375"]
[BlackElo "2315"]
[PlyCount "84"]
[EventDate "2009.10.27"]
[EventType "swiss"]
[EventRounds "11"]
[EventCountry "ITA"]
[Source "lmi"]
[SourceDate "2009.10.27"]

1. e4 Nf6 2. e5 Nd5 3. d4 d6 4. Nf3 Bg4 5. Be2 e6 6. O-O Be7 7. h3 Bh5 8. c4
Nb6 9. exd6 cxd6 10. Nc3 O-O 11. Bf4 d5 12. c5 N6d7 13. Nb5 Nc6 14. Bc7 Qc8 15.
Bg3 Qd8 16. Rc1 Nf6 17. Bc7 Qc8 18. Bd6 Bxf3 19. Bxf3 Qd7 20. Re1 Bxd6 21. Nxd6
a6 22. Re3 Ne8 23. Nxe8 Rfxe8 24. Qd2 Rad8 25. Rce1 Qc7 26. Bd1 Rf8 27. Ba4 Ne7
28. Bc2 Nc6 29. Rg3 g6 30. h4 Qe7 31. Qf4 e5 32. dxe5 Qxc5 33. Rc3 Qa5 34. a3
d4 35. b4 Nxb4 36. axb4 Qxb4 37. Rg3 Qxe1+ 38. Kh2 Rde8 39. Be4 Re6 40. h5 Qe2
41. Rf3 Qb5 42. hxg6 hxg6 0-1

[Event "19. Wch 2009 Veteranos"]
[Site "Condino ITA"]
[Date "2009.11.05"]
[Round "9.12"]
[White "Jakobsen, Ole"]
[Black "Vrhovnik, Damir"]
[Result "1/2-1/2"]
[WhiteElo "2340"]
[BlackElo "2045"]
[PlyCount "37"]
[EventDate "2009.10.27"]
[EventType "swiss"]
[EventRounds "11"]
[EventCountry "ITA"]
[Source "lmi"]
[SourceDate "2009.10.27"]

1. d4 Nf6 2. c4 c5 3. d5 e6 4. Nc3 exd5 5. cxd5 d6 6. e4 g6 7. h3 a6 8. a4 Bg7
9. Nf3 Nbd7 10. Bd3 Nh5 11. O-O Ne5 12. Be2 Nxf3+ 13. Bxf3 Qh4 14. Bxh5 gxh5
15. Qd3 Rg8 16. Kh2 c4 17. Qe3 Bd4 18. Qxd4 Rxg2+ 19. Kxg2 1/2-1/2

[Event "19. Wch 2009 Veteranos"]
[Site "Condino ITA"]
[Date "2009.11.05"]
[Round "9.13"]
[White "Werner, Clemens"]
[Black "Altshul, Raffael"]
[Result "1/2-1/2"]
[WhiteElo "2335"]
[BlackElo "2340"]
[PlyCount "83"]
[EventDate "2009.10.27"]
[EventType "swiss"]
[EventRounds "11"]
[EventCountry "ITA"]
[Source "lmi"]
[SourceDate "2009.10.27"]

1. e4 c5 2. c3 d5 3. exd5 Qxd5 4. d4 Nf6 5. Nf3 e6 6. Na3 Qd8 7. Nc2 Nbd7 8. g3
b6 9. Bg2 Bb7 10. O-O Be7 11. Qe2 O-O 12. c4 Re8 13. Rd1 Qc8 14. b3 Bf8 15. Ne5
Bxg2 16. Kxg2 cxd4 17. Nxd4 Nxe5 18. Qxe5 Qb7+ 19. f3 a6 20. Bg5 Be7 21. Qe2 h6
22. Be3 Rad8 23. Bf2 Rd7 24. Nc2 Red8 25. Ne3 Bc5 26. Rxd7 Rxd7 27. Rd1 Qc6 28.
Rxd7 Qxd7 29. Qd1 Qxd1 30. Nxd1 Bxf2 31. Kxf2 Kf8 32. Ke3 Ke7 33. Nc3 Nd7 34.
Kd4 Kd6 35. Ne4+ Kc6 36. f4 f6 37. b4 e5+ 38. fxe5 Nxe5 39. Nd2 h5 40. a3 Ng4
41. Nf3 Kd6 42. Ke4 1/2-1/2

[Event "19. Wch 2009 Veteranos"]
[Site "Condino ITA"]
[Date "2009.11.05"]
[Round "9.14"]
[White "Malmdin, Nils-Ake"]
[Black "Danner, Georg"]
[Result "0-1"]
[WhiteElo "2280"]
[BlackElo "2440"]
[PlyCount "104"]
[EventDate "2009.10.27"]
[EventType "swiss"]
[EventRounds "11"]
[EventCountry "ITA"]
[Source "lmi"]
[SourceDate "2009.10.27"]

1. e4 c5 2. Nf3 Nc6 3. d4 cxd4 4. Nxd4 Nf6 5. Nc3 d6 6. Bg5 e6 7. Qd2 Be7 8.
O-O-O Nxd4 9. Qxd4 O-O 10. Be2 Nxe4 11. Nxe4 Bxg5+ 12. Nxg5 Qxg5+ 13. f4 Qa5
14. a3 d5 15. h4 Bd7 16. h5 h6 17. g4 f6 18. Rhg1 Rac8 19. g5 hxg5 20. fxg5 Qc5
21. Qd2 fxg5 22. Rxg5 Ba4 23. Bd3 Rf2 24. b4 Rxd2 25. bxc5 Rxd1+ 26. Kxd1 Kf7
27. Rg4 Bd7 28. Rb4 Rc7 29. Rf4+ Ke7 30. Rg4 Kf8 31. Rf4+ Kg8 32. Bg6 e5 33.
Rf2 Be6 34. Rg2 Kf8 35. Rg4 e4 36. Kd2 Ke7 37. Rg3 Rxc5 38. Bh7 Kf8 39. Rg5 b6
40. Bg6 Ra5 41. Re5 Ke7 42. Bf5 Kf6 43. Rxe6+ Kxf5 44. Rg6 Rxa3 45. Rxg7 Rh3
46. Rxa7 Rxh5 47. Rb7 Rh6 48. Ke3 Ke5 49. Rb8 Rc6 50. Re8+ Kd6 51. Kd2 Kc5 52.
c3 b5 0-1

[Event "19. Wch 2009 Veteranos"]
[Site "Condino ITA"]
[Date "2009.11.05"]
[Round "9.15"]
[White "Kraidman, Yair"]
[Black "Kuindzhy, Alexander"]
[Result "1/2-1/2"]
[WhiteElo "2270"]
[BlackElo "2420"]
[PlyCount "78"]
[EventDate "2009.10.27"]
[EventType "swiss"]
[EventRounds "11"]
[EventCountry "ITA"]
[Source "lmi"]
[SourceDate "2009.10.27"]

1. d4 d5 2. Nf3 Nc6 3. Bf4 Nf6 4. e3 Bg4 5. h3 Bh5 6. c4 e6 7. Nc3 Be7 8. a3
O-O 9. Rc1 Ne4 10. Bd3 Nxc3 11. Rxc3 dxc4 12. Bxc4 Bd6 13. Bxd6 Qxd6 14. Be2
Ne7 15. Ne5 Bxe2 16. Qxe2 Nd5 17. Rc2 Rac8 18. O-O c5 19. Rfc1 cxd4 20. Rxc8
Qxe5 21. e4 g6 22. g3 Nb6 23. Rxf8+ Kxf8 24. f4 Qd6 25. Rd1 e5 26. fxe5 Qxe5
27. Qf2 Qxe4 28. Rxd4 Qe6 29. Kh2 Nd7 30. Qg2 b6 31. Re4 Ne5 32. Qe2 f6 33. Rf4
Kg7 34. Rf2 Qd5 35. Qf1 h5 36. Qg2 Qd6 37. Kh1 a5 38. Qb7+ Kh6 39. Qa8 Kg7
1/2-1/2

[Event "19. Wch 2009 Veteranos"]
[Site "Condino ITA"]
[Date "2009.11.05"]
[Round "9.16"]
[White "Anguera, Maestro Jaime"]
[Black "Shvedchikov, Anatoli I"]
[Result "1/2-1/2"]
[WhiteElo "2235"]
[BlackElo "2410"]
[PlyCount "43"]
[EventDate "2009.10.27"]
[EventType "swiss"]
[EventRounds "11"]
[EventCountry "ITA"]
[Source "lmi"]
[SourceDate "2009.10.27"]

1. d4 Nf6 2. c4 g6 3. Nc3 Bg7 4. e4 d6 5. Bd3 O-O 6. Nge2 Nc6 7. O-O e5 8. d5
Nd4 9. Nxd4 exd4 10. Ne2 Nd7 11. f4 c5 12. Ng3 Nf6 13. h3 Ne8 14. Qe2 Qh4 15.
Qf2 f5 16. exf5 gxf5 17. Bd2 Bd7 18. Rae1 Nc7 19. Kh2 Rae8 20. Qf3 Rf7 21.
Rxe8+ Nxe8 22. Re1 1/2-1/2

[Event "19. Wch 2009 Veteranos"]
[Site "Condino ITA"]
[Date "2009.11.05"]
[Round "9.17"]
[White "Karl, Hans"]
[Black "Malisov, Boris"]
[Result "1/2-1/2"]
[WhiteElo "2225"]
[BlackElo "2375"]
[PlyCount "119"]
[EventDate "2009.10.27"]
[EventType "swiss"]
[EventRounds "11"]
[EventCountry "ITA"]
[Source "lmi"]
[SourceDate "2009.10.27"]

1. e4 c6 2. d4 d5 3. exd5 cxd5 4. c4 Nf6 5. Nc3 g6 6. Qb3 Bg7 7. cxd5 O-O 8.
Be2 Nbd7 9. Bf3 Nb6 10. Nge2 Bf5 11. Bg5 Bd3 12. O-O Bc4 13. Qa3 Nfxd5 14. Rfe1
Re8 15. Rad1 f6 16. Bh4 e6 17. b3 Bxe2 18. Nxe2 a5 19. Rc1 Bh6 20. Rb1 Qd7 21.
Red1 Rec8 22. Qb2 Rc7 23. Bg3 Rc6 24. Be4 f5 25. Bxd5 Nxd5 26. Be5 Qc8 27. f4
Rc2 28. Rdc1 Rxb2 29. Rxc8+ Rxc8 30. Rxb2 Ne3 31. Rd2 Bf8 32. Kf2 Ng4+ 33. Kg3
Bb4 34. Rd1 Rc2 35. Nc1 Ne3 36. Rg1 Ba3 37. Nd3 Rc3 38. Ne1 Nd5+ 39. Nf3 b5 40.
Re1 Bb4 41. Re2 Be7 42. Kf2 Rc6 43. Ne1 Bb4 44. Nd3 Nc3 45. Nxb4 axb4 46. Re1
Nxa2 47. Ra1 Rc2+ 48. Kg3 Kf7 49. Kh3 h6 50. Rd1 Rc3+ 51. g3 g5 52. d5 exd5 53.
Rxd5 Rxb3 54. Rxb5 Re3 55. Rb6 gxf4 56. Bxf4 Re6 57. Rb5 Kg6 58. Kh4 Nc3 59.
Rxb4 Nd5 60. Rd4 1/2-1/2

[Event "19. Wch 2009 Veteranos"]
[Site "Condino ITA"]
[Date "2009.11.05"]
[Round "9.18"]
[White "Welz, Peter Dr"]
[Black "Karasev, Vladimir I"]
[Result "0-1"]
[WhiteElo "2100"]
[BlackElo "2365"]
[PlyCount "58"]
[EventDate "2009.10.27"]
[EventType "swiss"]
[EventRounds "11"]
[EventCountry "ITA"]
[Source "lmi"]
[SourceDate "2009.10.27"]

1. e4 c5 2. c3 Nf6 3. d3 Nc6 4. f4 d6 5. Nf3 g6 6. g3 Bg7 7. Bg2 O-O 8. O-O Bd7
9. h3 b5 10. a3 Rb8 11. g4 a5 12. Qe1 b4 13. axb4 axb4 14. Qh4 bxc3 15. bxc3
Ne8 16. f5 Ne5 17. Nxe5 Bxe5 18. Bh6 Ng7 19. g5 f6 20. Bxg7 fxg5 21. Qxg5 Kxg7
22. Ra7 Bf6 23. Qg3 Kh8 24. fxg6 Rg8 25. Rxf6 exf6 26. Nd2 Rxg6 27. Qe3 Qg8 28.
Rxd7 Rxg2+ 29. Kf1 Rxd2 0-1

[Event "19. Wch 2009 Veteranos"]
[Site "Condino ITA"]
[Date "2009.11.05"]
[Round "9.19"]
[White "Klundt, Klaus"]
[Black "Gruzmann, Boris"]
[Result "1-0"]
[WhiteElo "2335"]
[BlackElo "2250"]
[PlyCount "65"]
[EventDate "2009.10.27"]
[EventType "swiss"]
[EventRounds "11"]
[EventCountry "ITA"]
[Source "lmi"]
[SourceDate "2009.10.27"]

1. e4 e5 2. Nf3 Nc6 3. Bb5 f5 4. Nc3 fxe4 5. Nxe4 d5 6. Nxe5 dxe4 7. Nxc6 Qd5
8. c4 Qd6 9. Nxa7+ Bd7 10. Bxd7+ Qxd7 11. Qh5+ g6 12. Qe5+ Kf7 13. Nb5 c6 14.
Qd4 Qe7 15. Nc3 Nf6 16. O-O Rd8 17. Qe3 Rd3 18. Qe2 Qe5 19. f3 Bc5+ 20. Kh1 Bd6
21. g3 Rxf3 22. Rxf3 exf3 23. Qxf3 Qe1+ 24. Kg2 Be5 25. Ne2 Qd1 26. d4 Re8 27.
dxe5 Rxe5 28. Nc3 Qc2+ 29. Qf2 Qxf2+ 30. Kxf2 Ng4+ 31. Kg2 Re1 32. Rb1 Ne5 33.
b3 1-0